CLINICAL PHARMACY AND THERAPEUTICS (Record no. 19143)

MARC details
000 -LEADER
fixed length control field 00349nam a22001577a 4500
003 - CONTROL NUMBER IDENTIFIER
control field SGT
020 ## - INTERNATIONAL STANDARD BOOK NUMBER
International Standard Book Number 978-0-7020-7011-2
082 ## - DEWEY DECIMAL CLASSIFICATION NUMBER
Classification number 615.7
Item number C19W
100 ## - MAIN ENTRY--PERSONAL NAME
Personal name WHITTLESEA,CATE
245 ## - TITLE STATEMENT
Title CLINICAL PHARMACY AND THERAPEUTICS
250 ## - EDITION STATEMENT
Edition statement 6TH
260 ## - PUBLICATION, DISTRIBUTION, ETC. (IMPRINT)
Place of publication, distribution, etc LONDON
Name of publisher, distributor, etc ELSEVIER
Year of Publication 2019
300 ## - PAGE DESCRIPTION
No. of Pages 1094
650 ## - SUBJECT ADDED ENTRY--TOPICAL TERM
Topical term or geographic name as entry element PHARMACY
942 ## - ADDED ENTRY ELEMENTS (KOHA)
Source of classification or shelving scheme Dewey Decimal Classification
Koha item type Books
942 ## - ADDED ENTRY ELEMENTS (KOHA)
-- 34
Holdings
Withdrawn status Lost status Source of classification or shelving scheme Damaged status Not for loan Collection code Home library Current library Shelving location Date acquired Vendor Name Cost, normal purchase price SGTU Bill Number Total Checkouts Full call number Accession No. (Barcode) Date last seen Date last borrowed Bill Date Koha item type
    Dewey Decimal Classification     PHARMACY SGT FA-FP Library SGT FA-FP Library Text Book 18/09/2019 AHUJA PUB 0.00 SGTU 11356 6 615.7 C19W FP3486 04/09/2025 23/08/2025 12/09/2019 Books
    Dewey Decimal Classification     PHARMACY SGT FA-FP Library SGT FA-FP Library Text Book 18/09/2019 AHUJA PUB 0.00 SGTU 11356 10 615.7 C19W FP3487 22/09/2025 08/09/2025 12/09/2019 Books
    Dewey Decimal Classification     PHARMACY SGT FA-FP Library SGT FA-FP Library Text Book 18/09/2019 AHUJA PUB 0.00 SGTU 11356 7 615.7 C19W FP3488 16/09/2025 27/08/2025 12/09/2019 Books
    Dewey Decimal Classification     PHARMACY SGT FA-FP Library SGT FA-FP Library Text Book 18/09/2019 AHUJA PUB 0.00 SGTU 11356 13 615.7 C19W FP3489 16/03/2026 27/02/2026 12/09/2019 Books
    Dewey Decimal Classification     PHARMACY SGT FA-FP Library SGT FA-FP Library Text Book 18/09/2019 AHUJA PUB 0.00 SGTU 11356 12 615.7 C19W FP3490 08/12/2025 08/12/2025 12/09/2019 Books